000 00718nam a2200289Ia 4500
005 20260324140122.0
008 008 260324s9999 xx 000 0 eng d
020 _a9781315214726
037 _aEBOOK
040 _aCRL
040 _beng
040 _cCRL
041 _2eng
041 _aeng
084 _qCRL
100 _aMichel Neviere; Brian J. Thompson; Evgeny Popov
_91203200
245 0 _aLight Propagation in Periodic Media
245 0 _bDifferential Theory and Design
260 _bTaylor and Francis
260 _c1999
365 _a
365 _b370
856 _uhttp://www.taylorfrancis.com/books/9781315214726
942 _cEBOOK
999 _c1804918
_d1804918